000 00507nam a2200193Ia 4500
999 _c9209
_d9209
003 0100
005 20190225143527.0
008 130303s9999 xx 000 0 und d
040 _cARRUPELIB
050 _aBL2480.D3S651998
100 _aSome, Malidoma Patrice
_938951
245 4 _aThe healing wisdom of Africa
245 _bfinding life purpose through nature, ritual, and community
260 _aNew York
260 _bJeremy P. Tarcher
300 _a321p.
300 _b 24cm
700 _aMalidoma Patrice Som^
_944885
942 _2lcc
_cMONOGRAPH